[Event "NOR-chT Elite 2324"]
[Site "Norway"]
[Date "2024.03.09"]
[Round "8.55"]
[White "Fossum, Oystein Boyum"]
[Black "Kaasen, Tor Fredrik"]
[Result "1/2-1/2"]
[WhiteElo "2314"]
[BlackElo "2449"]
[PlyCount "88"]
[EventDate "2023.10.27"]
[EventType "team-tourn"]
[EventRounds "9"]
[EventCountry "NOR"]
[SourceTitle "CB16_2024"]
[SourceDate "2024.04.17"]
[SourceVersion "1"]
[SourceVersionDate "2024.04.17"]
[SourceQuality "1"]
[WhiteTeam "Valerenga"]
[BlackTeam "Offerspill"]
[WhiteTeamCountry "NOR"]
[BlackTeamCountry "NOR"]

1. Nf3 d5 2. b3 Bf5 3. Bb2 e6 4. g3 h6 5. Bg2 Nf6 6. c4 Be7 7. 0-0 0-0 8. d3 c6 9. Nbd2 Nbd7 10. Qc2 Bh7 11. a3 a5 12. Bc3 b5 13. cxb5 cxb5 14. b4 Qc7 15. Qb2 axb4 16. Bxb4 Bxb4 17. axb4 e5 18. Rfc1 Rxa1 19. Qxa1 Qd6 20. Qa5 e4 21. Ne1 Qe5 22. Qa1 Qh5 23. Qd4 Qxe2 24. dxe4 dxe4 25. Bh3 Nb8 26. Bf1 Qh5 27. Qc5 Qd5 28. Qxd5 Nxd5 29. Bxb5 Nxb4 30. Rc4 e3 31. fxe3 Nd3 32. Nef3 Rd8 33. Rd4 Rxd4 34. Nxd4 Nc5 35. N4b3 Nbd7 36. Nxc5 Nxc5 37. Kf2 Bd3 38. Bc6 Bg6 39. Bd5 Nd3+ 40. Kf3 Kf8 41. Ke2 Ne5 42. h3 h5 43. Nf3 Nxf3 44. Kxf3 Ke7 1/2-1/2

[Event "Fagernes op"]
[Site "Fagernes"]
[Date "2021.10.15"]
[Round "7"]
[White "Fossum, Oystein Boyum"]
[Black "Greicius, Pijus"]
[Result "1-0"]
[WhiteElo "2302"]
[BlackElo "2080"]
[PlyCount "103"]
[EventDate "2021.10.10"]
[EventType "swiss"]
[EventRounds "9"]
[EventCountry "NOR"]
[SourceTitle "CBM 204 Extra"]
[Source "ChessBase"]
[SourceDate "2021.11.30"]
[SourceVersion "1"]
[SourceVersionDate "2021.11.30"]
[SourceQuality "1"]

1. c4 e5 2. g3 Nc6 3. Bg2 d6 4. Nc3 Be6 5. d3 Qd7 6. Rb1 g6 7. h4 h6 8. Bd2 Bg7 9. Qc1 f5 10. b4 Nf6 11. Nd5 Bxd5 12. cxd5 Ne7 13. Qc4 0-0 14. b5 Kh7 15. Nh3 Rac8 16. Rc1 Rfe8 17. 0-0 f4 18. gxf4 Nexd5 19. f5 Nb6 20. fxg6+ Kxg6 21. Qb4 c6 22. bxc6 bxc6 23. f4 Nbd5 24. f5+ Kh7 25. Qa4 Ne7 26. e4 Nh5 27. Qd1 Nf6 28. Ng5+ hxg5 29. hxg5 Rh8 30. Rf3 Kg8 31. gxf6 Bxf6 32. Rg3+ Kf8 33. Rb1 d5 34. Be3 Rd8 35. Qc2 Kf7 36. Qa4 d4 37. Qc4+ Kf8 38. Bd2 Nc8 39. Bf3 Nd6 40. Qc5 Qh7 41. Kf1 Qh2 42. Be1 Bh4 43. Qxe5 Bxg3 44. Bxg3 Qh3+ 45. Kf2 Qh6 46. Bf4 Qh4+ 47. Ke2 Nf7 48. Qc5+ Qe7 49. Qxc6 Qa3 50. Qc4 Nd6 51. Qxd4 Qxa2+ 52. Rb2 1-0

[Event "Fagernes op"]
[Site "Fagernes"]
[Date "2021.10.11"]
[Round "2"]
[White "Stremavicius, Titas"]
[Black "Fossum, Oystein Boyum"]
[Result "1-0"]
[WhiteElo "2487"]
[BlackElo "2302"]
[PlyCount "205"]
[EventDate "2021.10.10"]
[EventType "swiss"]
[EventRounds "9"]
[EventCountry "NOR"]
[SourceTitle "CBM 204 Extra"]
[Source "ChessBase"]
[SourceDate "2021.11.30"]
[SourceVersion "1"]
[SourceVersionDate "2021.11.30"]
[SourceQuality "1"]

1. f4 c5 2. Nf3 g6 3. g3 Bg7 4. Bg2 Nc6 5. 0-0 Nf6 6. d3 0-0 7. e4 d6 8. Nc3 Rb8 9. h3 b5 10. Be3 b4 11. Ne2 a5 12. g4 Ba6 13. Ng3 Nd7 14. Rb1 Nd4 15. g5 a4 16. Nh2 a3 17. b3 Nb5 18. Ne2 e6 19. Qe1 Bb7 20. Qg3 Rc8 21. Rf2 Nd4 22. Rc1 Ba8 23. Nxd4 cxd4 24. Bd2 Qb6 25. h4 f5 26. exf5 Bxg2 27. Qxg2 Rxf5 28. Ng4 Rfc5 29. Be1 Rb5 30. Rd1 Qb7 31. Qh3 Qd5 32. Rdd2 Qf5 33. Rde2 Nb6 34. Rxe6 Nd5 35. Rxd6 Ne3 36. Nf6+ Bxf6 37. Qxf5 Rxf5 38. gxf6 Nxc2 39. Bd2 Rf8 40. Rc6 Ne3 41. Bxb4 R8xf6 42. Rxf6 Rxf6 43. Bxa3 Ng4 44. Rb2 Rxf4 45. b4 Ne5 46. b5 Rf7 47. b6 Rb7 48. Bd6 Nxd3 49. Rb5 Nc1 50. Bc7 d3 51. Rb2 Ne2+ 52. Kf2 Nc3 53. Ke1 Kf7 54. Bg3 Na4 55. Rb4 Nxb6 56. Kd1 Ra7 57. Rxb6 Rxa2 58. Be1 Rh2 59. Rb7+ Ke6 60. Rxh7 Kf5 61. Rh8 Ke4 62. Rg8 Kf5 63. Rf8+ Ke4 64. Bf2 Rh1+ 65. Kd2 Rh2 66. Rf7 Rh3 67. Re7+ Kf5 68. Ra7 Ke4 69. Ra4+ Kf3 70. Be3 Rh1 71. Bg5 Kg3 72. Ra6 Kg4 73. Rxg6 Rh3 74. Rd6 Kh5 75. Rxd3 Rh2+ 76. Ke3 Ra2 77. Kf3 Ra6 78. Bd8 Rd6 79. Ke3 Re6+ 80. Kf2 Kg4 81. Rd4+ Kh5 82. Rd5+ Kh6 83. Kf3 Kg6 84. Bc7 Re7 85. Bf4 Rb7 86. Kg4 Kh7 87. Rd6 Ra7 88. Rh6+ Kg7 89. Rc6 Ra5 90. Rc7+ Kg8 91. Bg5 Ra6 92. Bd2 Rb6 93. Bc3 Rg6+ 94. Kf5 Rg2 95. Bf6 Kf8 96. Ke6 Re2+ 97. Be5 Kg8 98. h5 Rf2 99. h6 Rf7 100. Rc8+ Rf8 101. Rxf8+ Kxf8 102. h7 Ke8 103. h8R# 1-0

[Event "Kragero op"]
[Site "Kragero"]
[Date "2019.02.21"]
[Round "3"]
[White "Eliseev, Sergey1111"]
[Black "Fossum, Oystein Boyum"]
[Result "0-1"]
[WhiteElo "1794"]
[BlackElo "2250"]
[PlyCount "86"]
[EventDate "2019.02.20"]
[EventType "swiss"]
[EventRounds "9"]
[EventCountry "NOR"]
[SourceTitle "CBM 189 Extra"]
[Source "ChessBase"]
[SourceDate "2019.06.03"]
[SourceVersion "1"]
[SourceVersionDate "2019.06.03"]
[SourceQuality "1"]

1. e4 c5 2. Nf3 Nc6 3. g3 g6 4. d3 Bg7 5. Bg2 Nf6 6. c3 0-0 7. 0-0 e5 8. Re1 d6 9. a3 a5 10. a4 Ne8 11. Na3 f5 12. Qb3+ Kh8 13. exf5 Rxf5 14. Nc4 Ra6 15. Ne3 Rf8 16. h4 Nf6 17. Ng5 Qe7 18. Nd5 Nxd5 19. Bxd5 Nd8 20. Bc4 Ra8 21. Ne4 Qc7 22. Bg5 Nc6 23. Be6 h6 24. Be3 Qe7 25. Bxc8 Raxc8 26. Qd5 Rcd8 27. Kg2 Qd7 28. Rh1 Ne7 29. Qb3 Nf5 30. Rae1 b6 31. Ng5 d5 32. Nf3 Qc6 33. Bc1 e4 34. dxe4 dxe4 35. Ng5 c4 36. Qc2 hxg5 37. h5 e3+ 38. f3 Nh4+ 39. gxh4 Qxf3+ 40. Kh2 Rd2+ 41. Bxd2 Qf2+ 42. Kh3 Rf3+ 43. Kg4 Rg3# 0-1

[Event "Pula op 32nd"]
[Site "Pula"]
[Date "2018.06.25"]
[Round "4"]
[White "Porter, Sam J"]
[Black "Fossum, Oystein Boyum"]
[Result "0-1"]
[WhiteElo "1969"]
[BlackElo "2257"]
[PlyCount "78"]
[EventDate "2018.06.23"]
[EventType "swiss"]
[EventRounds "9"]
[EventCountry "CRO"]
[SourceTitle "EXT 2019"]
[Source "ChessBase"]
[SourceDate "2018.10.10"]
[SourceVersion "1"]
[SourceVersionDate "2018.10.10"]
[SourceQuality "1"]

1. e4 c5 2. Nf3 g6 3. d4 cxd4 4. Qxd4 Nf6 5. e5 Nc6 6. Qa4 Nd5 7. Qe4 Nc7 8. Nc3 Bg7 9. Bf4 b5 10. 0-0-0 b4 11. Nd5 Nxd5 12. Rxd5 e6 13. Rd2 Bb7 14. Kb1 h6 15. Nd4 g5 16. Bg3 Qa5 17. Nxc6 Bxc6 18. Qd4 Bf8 19. Bc4 Bc5 20. Qd3 0-0-0 21. f3 Kb7 22. Rhd1 Qb6 23. Ka1 Rdg8 24. h4 h5 25. Re2 g4 26. f4 f5 27. exf6 d5 28. Bb3 Bb5 29. Bxd5+ exd5 30. Qxd5+ Qc6 31. Re5 Qxd5 32. Rdxd5 Rd8 33. b3 Rxd5 34. Rxd5 Kc6 35. Rf5 Rd8 36. f7 Bd4+ 37. Kb1 Bc3 38. Kc1 Be2 39. f8Q Rd1# 0-1

[Event "NOR-ch rapid"]
[Site "Drammen"]
[Date "2018.01.06"]
[Round "6"]
[White "Fossum, Oystein Boyum"]
[Black "Nilsen, Joachim Birger"]
[Result "0-1"]
[WhiteElo "2248"]
[BlackElo "2413"]
[PlyCount "90"]
[EventDate "2018.01.06"]
[EventType "swiss (rapid)"]
[EventRounds "10"]
[EventCountry "NOR"]
[SourceTitle "CBM 182 Extra"]
[Source "ChessBase"]
[SourceDate "2018.02.23"]
[SourceVersion "1"]
[SourceVersionDate "2018.02.23"]
[SourceQuality "1"]

1. Nf3 c5 2. g3 b6 3. Bg2 Bb7 4. 0-0 g6 5. c3 Bg7 6. d4 Nf6 7. Qa4 Qc8 8. b4 0-0 9. bxc5 bxc5 10. Ba3 Ne4 11. Nfd2 Bc6 12. Qc2 Nxd2 13. Qxd2 Bxg2 14. Kxg2 Qb7+ 15. d5 d6 16. Bb2 Nd7 17. f3 Nb6 18. Na3 Qxd5 19. Qc2 Nc4 20. Nxc4 Qxc4 21. Qd3 Qa4 22. Qd1 Qa5 23. Qc2 Rab8 24. Rfb1 Qa6 25. Bc1 d5 26. Bf4 e5 27. Bg5 Rfe8 28. Rxb8 Rxb8 29. Rd1 h6 30. Be3 d4 31. cxd4 cxd4 32. Bf2 Rc8 33. Qd2 Qa4 34. Rb1 Rc2 35. Rb8+ Kh7 36. Qd3 Qxa2 37. Kf1 Rd2 38. Qb5 d3 39. Qe8 dxe2+ 40. Kg2 f6 41. Be1 Rd1 42. h4 Rxe1 43. h5 Rg1+ 44. Kh3 Rh1+ 45. Kg4 f5# 0-1

[Event "NOR-ch blitz"]
[Site "Drammen"]
[Date "2018.01.05"]
[Round "5"]
[White "Al Tarbosh, Ward"]
[Black "Fossum, Oystein Boyum"]
[Result "1-0"]
[WhiteElo "2261"]
[BlackElo "2248"]
[PlyCount "43"]
[EventDate "2018.01.05"]
[EventType "swiss (blitz)"]
[EventRounds "9"]
[EventCountry "NOR"]
[SourceTitle "CBM 182 Extra"]
[Source "ChessBase"]
[SourceDate "2018.02.23"]
[SourceVersion "1"]
[SourceVersionDate "2018.02.23"]
[SourceQuality "1"]

1. e4 c5 2. Nf3 g6 3. d4 cxd4 4. Qxd4 Nf6 5. e5 Nc6 6. Qa4 Nd5 7. Qe4 Nc7 8. Nc3 Bg7 9. Bf4 0-0 10. 0-0-0 Rb8 11. h4 b5 12. h5 b4 13. Nd5 Ne6 14. Be3 d6 15. hxg6 fxg6 16. Qh4 h5 17. Bd3 Qe8 18. Rh3 Rxf3 19. Rxf3 Nxe5 20. Nxe7+ Kh7 21. Qxh5+ Bh6 22. Qxh6# 1-0

[Event "NOR-ch blitz"]
[Site "Drammen"]
[Date "2018.01.05"]
[Round "3"]
[White "Lie, Kjetil A"]
[Black "Fossum, Oystein Boyum"]
[Result "0-1"]
[WhiteElo "2537"]
[BlackElo "2248"]
[PlyCount "78"]
[EventDate "2018.01.05"]
[EventType "swiss (blitz)"]
[EventRounds "9"]
[EventCountry "NOR"]
[SourceTitle "CBM 182 Extra"]
[Source "ChessBase"]
[SourceDate "2018.02.23"]
[SourceVersion "1"]
[SourceVersionDate "2018.02.23"]
[SourceQuality "1"]

1. d4 e6 2. Nf3 f5 3. Nc3 d5 4. h3 Nf6 5. g4 Bb4 6. Qd3 0-0 7. Bg5 Nc6 8. Ne5 h6 9. Bd2 Bxc3 10. Bxc3 Nxe5 11. dxe5 Ne4 12. gxf5 Rxf5 13. Bd4 Qh4 14. Rh2 c5 15. Be3 d4 16. Bg2 dxe3 17. Bxe4 Rxf2 18. Rh1 Rf4+ 19. Kd1 Rxe4 20. c3 Rf4 21. Rg1 Qe7 22. Qg6 Bd7 23. Qxh6 Rf1+ 24. Kc2 Rxa1 25. Rg4 Rf1 26. Qg6 Rd8 27. Rg5 Rf5 28. Rg4 Bb5 29. Re4 Bxe2 30. Rxe3 Bd1+ 31. Kc1 Ba4 32. b3 Bc6 33. Rg3 Qd7 34. Kb2 Qd2+ 35. Ka3 Qd7 36. Rg4 b5 37. Rh4 b4+ 38. cxb4 cxb4+ 39. Rxb4 Qe7 0-1

[Event "Leiden LCT op-A 11th"]
[Site "Leiden"]
[Date "2017.07.16"]
[Round "3"]
[White "Fossum, Oystein Boyum"]
[Black "Caglar, Sila"]
[Result "0-1"]
[WhiteElo "2247"]
[BlackElo "1976"]
[PlyCount "76"]
[EventDate "2017.07.14"]
[EventType "swiss"]
[EventRounds "9"]
[EventCountry "NED"]
[SourceTitle "EXT 2018"]
[Source "ChessBase"]
[SourceDate "2017.10.13"]
[SourceVersion "1"]
[SourceVersionDate "2017.10.13"]
[SourceQuality "1"]

1. Nf3 d5 2. g3 g6 3. Bg2 Bg7 4. 0-0 e5 5. d3 Ne7 6. c3 0-0 7. Qa4 b6 8. c4 Bb7 9. cxd5 Nxd5 10. Bg5 Qd7 11. Qc2 c5 12. Nc3 Nc6 13. Qd2 Nd4 14. Nxd5 Bxd5 15. Nxd4 Bxg2 16. Kxg2 exd4 17. Rfe1 Rfe8 18. Kg1 Re5 19. Bf4 Rh5 20. f3 Re8 21. b4 cxb4 22. Rac1 a5 23. Rc7 Qe6 24. Qc2 g5 25. g4 Rh3 26. Kg2 Rxf3 27. Kxf3 Qf6 28. Kg2 Qxf4 29. Rf1 Qxg4+ 30. Kf2 Qh4+ 31. Kg1 Be5 32. Rf2 Bxh2+ 33. Rxh2 Qe1+ 34. Kg2 Rxe2+ 35. Qxe2 Qxe2+ 36. Kg1 Qe3+ 37. Kh1 Qxd3 38. Rg2 Qf1+ 0-1

[Event "Leiden LCT op-A 11th"]
[Site "Leiden"]
[Date "2017.07.15"]
[Round "2"]
[White "Ikonnikov, Vyacheslav"]
[Black "Fossum, Oystein Boyum"]
[Result "1-0"]
[WhiteElo "2538"]
[BlackElo "2247"]
[PlyCount "59"]
[EventDate "2017.07.14"]
[EventType "swiss"]
[EventRounds "9"]
[EventCountry "NED"]
[SourceTitle "CBM 179 Extra"]
[Source "ChessBase"]
[SourceDate "2017.08.23"]
[SourceVersion "1"]
[SourceVersionDate "2017.08.23"]
[SourceQuality "1"]

1. d4 e6 2. c4 Nf6 3. Nf3 c5 4. d5 d6 5. Nc3 exd5 6. cxd5 g6 7. e4 Bg7 8. Be2 0-0 9. Nd2 Re8 10. 0-0 Nbd7 11. Qc2 Ne5 12. a4 g5 13. Re1 Nfg4 14. Nf1 Qf6 15. f3 Nh6 16. Be3 Ng6 17. Qd2 Nf4 18. Bb5 Re5 19. h4 Nxg2 20. hxg5 Nxe1 21. Rxe1 Qxf3 22. Be2 Qh3 23. gxh6 Bf6 24. Nh2 Bh4 25. Bf4 Bd7 26. Kh1 Kh8 27. Rg1 Rg8 28. Rxg8+ Kxg8 29. Bf1 Be1 30. Qxe1 1-0

[Event "Paleochora op 8th"]
[Site "Paleochora"]
[Date "2015.07.24"]
[Round "9"]
[White "Fossum, Oystein Boyum"]
[Black "Korchmar, Vasiliy"]
[Result "1-0"]
[WhiteElo "2182"]
[BlackElo "2406"]
[PlyCount "141"]
[EventDate "2015.07.17"]
[EventType "swiss"]
[EventRounds "9"]
[EventCountry "GRE"]
[SourceTitle "CBM 167 Extra"]
[Source "ChessBase"]
[SourceDate "2015.09.14"]
[SourceVersion "1"]
[SourceVersionDate "2015.09.14"]
[SourceQuality "1"]

1. Nf3 Nf6 2. g3 g6 3. Bg2 Bg7 4. 0-0 0-0 5. c4 c6 6. d4 d5 7. Qb3 Qb6 8. c5 Qxb3 9. axb3 Na6 10. Bf4 Nd7 11. Nbd2 Re8 12. e4 dxe4 13. Nxe4 Nb4 14. Bd2 Nd5 15. Rfe1 Rd8 16. Ra4 N7f6 17. Nc3 Bf5 18. Bf1 Kf8 19. Rea1 a6 20. Rc1 h6 21. Nd1 Rac8 22. Ba5 Re8 23. Ne3 Nxe3 24. fxe3 Nd5 25. Kf2 Nc7 26. Re1 Nb5 27. Raa1 Bg4 28. Ne5 Bxe5 29. dxe5 Kg7 30. Bc4 Nc7 31. Kg2 Red8 32. h3 Be6 33. Rad1 Bd5+ 34. Kf2 f5 35. exf6+ Kxf6 36. e4 Bxc4 37. bxc4 Rxd1 38. Rxd1 Ke6 39. Ke3 Ne8 40. Rd3 Nf6 41. Rb3 Nd7 42. Rxb7 Nxc5 43. Ra7 Rb8 44. b4 Nb3 45. Rxa6 Nxa5 46. bxa5 Kd6 47. Ra7 Rb3+ 48. Kf4 Rc3 49. a6 Rxc4 50. Rb7 Ra4 51. a7 Ra3 52. e5+ Ke6 53. Ke4 Ra4+ 54. Kd3 Kxe5 55. Rxe7+ Kf5 56. Kc3 h5 57. Kb3 Ra6 58. Kc4 Kg5 59. Rf7 h4 60. g4 Kh6 61. Kc5 Kg5 62. Kd6 Kh6 63. Rb7 Kg5 64. Kc7 Kf4 65. Kb8 c5 66. a8Q Rxa8+ 67. Kxa8 c4 68. Ra7 Ke4 69. Rg7 Kf3 70. Rxg6 Kg3 71. Rc6 1-0

[Event "Paleochora op 8th"]
[Site "Paleochora"]
[Date "2015.07.23"]
[Round "8"]
[White "Rocchi, Federico"]
[Black "Fossum, Oystein Boyum"]
[Result "0-1"]
[WhiteElo "1859"]
[BlackElo "2182"]
[PlyCount "72"]
[EventDate "2015.07.17"]
[EventType "swiss"]
[EventRounds "9"]
[EventCountry "GRE"]
[SourceTitle "CBM 167 Extra"]
[Source "ChessBase"]
[SourceDate "2015.09.14"]
[SourceVersion "1"]
[SourceVersionDate "2015.09.14"]
[SourceQuality "1"]

1. c4 Nf6 2. g3 e6 3. Bg2 d5 4. Nf3 Be7 5. 0-0 0-0 6. b3 c5 7. cxd5 exd5 8. d4 Nc6 9. dxc5 Bxc5 10. Ba3 Qe7 11. Bxc5 Qxc5 12. e3 Bf5 13. Qc1 Qb6 14. Nc3 Rac8 15. Qb2 Nb4 16. Na4 Qa5 17. Qe5 Be4 18. Nd4 Rfe8 19. Qg5 h6 20. Qh4 Nd3 21. Bh3 Rc7 22. Nf5 b5 23. Nxh6+ gxh6 24. Qxf6 bxa4 25. Qxh6 Qb6 26. Qh5 Qg6 27. Qe2 Ne5 28. f4 Bd3 29. Qd2 Rc2 30. Qe1 Bxf1 31. Qxf1 Ng4 32. Qb5 Rxe3 33. Qxd5 Nf6 34. Qd8+ Kg7 35. Qa8 Ree2 36. Rd1 Rxh2 0-1

[Event "NOR-ch Master"]
[Site "Trondheim"]
[Date "2014.07.13"]
[Round "2"]
[White "Fossum, Oystein Boyum"]
[Black "Moen, Ole Christian"]
[Result "1/2-1/2"]
[WhiteElo "2183"]
[BlackElo "2226"]
[PlyCount "140"]
[EventDate "2014.07.12"]
[EventType "swiss"]
[EventRounds "9"]
[EventCountry "NOR"]
[SourceTitle "EXT 2019"]
[Source "ChessBase"]
[SourceDate "2018.10.10"]
[SourceVersion "1"]
[SourceVersionDate "2018.10.10"]
[SourceQuality "1"]

1. Nf3 Nf6 2. g3 c5 3. c4 Nc6 4. Bg2 d5 5. cxd5 Nxd5 6. 0-0 e5 7. Nc3 Nc7 8. Ne1 Be7 9. b3 0-0 10. Nd3 f6 11. f4 Bf5 12. fxe5 Bxd3 13. exd3 Qd4+ 14. Kh1 fxe5 15. Be4 Nb4 16. Rf3 Rxf3 17. Qxf3 Rf8 18. Qg2 Nxd3 19. Bxd3 Qxd3 20. Ba3 b6 21. Ne4 Ne6 22. Bb2 Nd4 23. Bc3 Nf3 24. Nf2 Qf5 25. Rf1 Ng5 26. g4 Qf4 27. Qd5+ Rf7 28. Bxe5 Qf3+ 29. Qxf3 Nxf3 30. Bc3 b5 31. Ne4 c4 32. bxc4 bxc4 33. Rb1 Nh4 34. Rb8+ Rf8 35. Rxf8+ Kxf8 36. Kg1 Kf7 37. Kf2 g6 38. Bd4 a6 39. Bc5 Bf6 40. Bb6 Be7 41. Be3 Ke6 42. Ng5+ Ke5 43. Nxh7 Ke4 44. Ke2 Nf3 45. h3 a5 46. g5 a4 47. Nf6+ Bxf6 48. gxf6 Ne5 49. Bc5 Nf7 50. Bb4 Ng5 51. Bc3 Nf7 52. Kf2 Kf4 53. Kg2 Nd8 54. Ba5 Nf7 55. Bb4 Kf5 56. Be7 Ke6 57. Kf3 Ng5+ 58. Kg4 Ne4 59. Kf4 Nxd2 60. Ke3 c3 61. Kd3 Nf3 62. Kxc3 Ng5 63. h4 Nf3 64. Bd8 Nxh4 65. f7 Kxf7 66. Bxh4 Ke6 67. Kc4 Kd6 68. Kb5 Kc7 69. Ka6 Kb8 70. Bg3+ Ka8 1/2-1/2

[Event "Trondheim tt U26"]
[Site "Trondheim"]
[Date "2008.04.06"]
[Round "4"]
[White "Fossum, Oystein Boyum"]
[Black "Pronstad, Thomas"]
[Result "1/2-1/2"]
[WhiteElo "2175"]
[BlackElo "1844"]
[PlyCount "22"]
[EventDate "2008.04.05"]
[EventType "team-tourn"]
[EventRounds "5"]
[EventCountry "NOR"]
[SourceTitle "EXT 2010"]
[Source "ChessBase"]
[SourceDate "2010.11.25"]
[SourceVersion "1"]
[SourceVersionDate "2010.11.25"]
[SourceQuality "1"]

1. c4 c6 2. Nf3 d5 3. b3 Bf5 4. g3 e6 5. Bg2 Nf6 6. 0-0 h6 7. d4 Nbd7 8. Nc3 Be7 9. Nd2 Qb6 10. Bb2 Qxd4 11. e4 dxe4 1/2-1/2

[Event "NOR-chB"]
[Site "Moss"]
[Date "2006.07.13"]
[Round "7"]
[White "Fossum, Oystein Boyum"]
[Black "Skrondal, Inge Sandstad"]
[Result "1-0"]
[WhiteElo "2144"]
[BlackElo "2101"]
[PlyCount "75"]
[EventDate "2006.07.08"]
[EventType "swiss"]
[EventRounds "9"]
[EventCountry "NOR"]
[SourceTitle "EXT 2007"]
[Source "ChessBase"]
[SourceDate "2006.11.23"]
[SourceVersion "1"]
[SourceVersionDate "2006.11.23"]
[SourceQuality "1"]

1. e4 Nf6 2. e5 Nd5 3. d4 d6 4. c4 Nb6 5. exd6 cxd6 6. d5 N8d7 7. b3 g6 8. Bb2 Nf6 9. Bd3 Bg7 10. Ne2 Nbd7 11. 0-0 Nc5 12. Bc2 Bf5 13. Bxf5 gxf5 14. Nd4 Qd7 15. Qc2 e6 16. dxe6 fxe6 17. Re1 0-0-0 18. b4 Na4 19. Nd2 Nxb2 20. Qxb2 e5 21. Ne2 Ng4 22. Qa3 e4 23. Rad1 e3 24. fxe3 Qe7 25. Nf1 Be5 26. Qxa7 Qg5 27. Nf4 Bxf4 28. exf4 Qf6 29. b5 Qb2 30. Re7 Rd7 31. Rxd7 Kxd7 32. Qxb7+ Ke6 33. Re1+ Kf6 34. Qe7+ Kg6 35. Qg5+ Kf7 36. Qxf5+ Nf6 37. Qd7+ Kg6 38. Qxd6 1-0

[Event "NOR-chT2"]
[Site "Oslo"]
[Date "2006.06.07"]
[Round "1"]
[White "Andersen, Lars Even"]
[Black "Fossum, Oystein Boyum"]
[Result "1-0"]
[WhiteElo "2247"]
[BlackElo "2217"]
[PlyCount "91"]
[EventDate "2006.06.07"]
[EventType "team"]
[EventRounds "5"]
[EventCountry "NOR"]
[SourceTitle "CBM 112 Extra"]
[Source "ChessBase"]
[SourceDate "2006.07.14"]
[SourceVersion "1"]
[SourceVersionDate "2006.07.14"]
[SourceQuality "1"]

1. e4 e6 2. d4 d5 3. exd5 exd5 4. Bd3 Bd6 5. Ne2 Ne7 6. 0-0 Nbc6 7. c3 Bg4 8. Qc2 Qd7 9. Re1 h6 10. Nd2 0-0 11. Nf1 Rae8 12. Nfg3 f5 13. Bf4 Bxf4 14. Nxf4 Qd6 15. Qd2 g5 16. Ne6 Rf6 17. Nc5 b6 18. h3 bxc5 19. hxg4 fxg4 20. Nh5 Rf7 21. dxc5 Qd7 22. Re2 Nf5 23. Rae1 Rxe2 24. Qxe2 Ng7 25. Bg6 Nxh5 26. Bxh5 Re7 27. Qd1 g3 28. fxg3 Ne5 29. Rf1 Qe6 30. Qd4 Nc6 31. Rf8+ Kxf8 32. Qh8+ Qg8 33. Qf6+ Rf7 34. Qxc6 Re7 35. Qf6+ Rf7 36. Bxf7 Qxf7 37. Qxf7+ Kxf7 38. Kf2 Ke6 39. Ke3 Ke5 40. g4 c6 41. b3 a5 42. a4 Ke6 43. Kd4 Kd7 44. Ke5 Ke7 45. g3 Kd7 46. Kf6 1-0

[Event "Arco op 27th"]
[Site "Arco"]
[Date "2005.10.26"]
[Round "5"]
[White "Fossum, Oystein Boyum"]
[Black "Volpinari, Danilo"]
[Result "1-0"]
[WhiteElo "2247"]
[BlackElo "2048"]
[PlyCount "81"]
[EventDate "2005.10.22"]
[EventType "swiss"]
[EventRounds "9"]
[EventCountry "ITA"]
[SourceTitle "EXT 2006"]
[Source "ChessBase"]
[SourceDate "2005.11.24"]
[SourceVersion "1"]
[SourceVersionDate "2005.11.24"]
[SourceQuality "1"]

1. e4 c5 2. Nf3 e6 3. d4 cxd4 4. Nxd4 a6 5. Bd3 Bc5 6. Nb3 Ba7 7. Nc3 Nc6 8. 0-0 Nf6 9. Qe2 d6 10. Bd2 0-0 11. Kh1 e5 12. Bg5 h6 13. Bh4 Be6 14. Nd5 g5 15. Nxf6+ Qxf6 16. Bg3 Rac8 17. c3 Rfd8 18. Nd2 Kg7 19. Bc4 Qe7 20. Rfd1 Qf6 21. Rac1 Ne7 22. Bb3 Ng6 23. Nc4 Qe7 24. Rc2 Rd7 25. Rcd2 Rcd8 26. Qf1 b5 27. Na5 Rc8 28. Bd5 Bb6 29. Nc6 Qf8 30. Bxe6 fxe6 31. Nxe5 Rdd8 32. Nxg6 Kxg6 33. Rxd6 Rxd6 34. Rxd6 Bc5 35. Rxe6+ Kf7 36. Rxa6 Rd8 37. Qe2 Kg8 38. h3 Qf7 39. Rxh6 Qxa2 40. Qh5 Qb1+ 41. Kh2 1-0

[Event "Arco op 27th"]
[Site "Arco"]
[Date "2005.10.24"]
[Round "3"]
[White "Fossum, Oystein Boyum"]
[Black "Aagaard, Jacob"]
[Result "1/2-1/2"]
[WhiteElo "2247"]
[BlackElo "2452"]
[PlyCount "62"]
[EventDate "2005.10.22"]
[EventType "swiss"]
[EventRounds "9"]
[EventCountry "ITA"]
[SourceTitle "EXT 2006"]
[Source "ChessBase"]
[SourceDate "2005.11.24"]
[SourceVersion "1"]
[SourceVersionDate "2005.11.24"]
[SourceQuality "1"]

1. e4 c5 2. Nf3 e6 3. d3 Nc6 4. g3 d5 5. Nbd2 Bd6 6. Bg2 Nge7 7. 0-0 Qc7 8. Re1 0-0 9. Qe2 f6 10. c3 d4 11. Bh3 e5 12. Bxc8 Raxc8 13. c4 a6 14. Nf1 Qd7 15. Nh4 g5 16. Ng2 Qh3 17. f3 Ng6 18. a3 b5 19. b3 bxc4 20. bxc4 Rb8 21. Bd2 Rb3 22. Reb1 Rfb8 23. Qd1 Rxb1 24. Rxb1 Qc8 25. Qc2 Nge7 26. g4 Rxb1 27. Qxb1 Qb8 28. Qc2 Bc7 29. Ng3 Ba5 30. Bxa5 Nxa5 31. Kf2 Qb3 1/2-1/2

[Event "Gausdal Byggern Masters"]
[Site "Gausdal"]
[Date "2005.10.09"]
[Round "9"]
[White "Thomassen, Joachim"]
[Black "Fossum, Oystein Boyum"]
[Result "1/2-1/2"]
[WhiteElo "1963"]
[BlackElo "2247"]
[PlyCount "31"]
[EventDate "2005.10.01"]
[EventType "swiss"]
[EventRounds "9"]
[EventCountry "NOR"]
[SourceTitle "CBM 108 Extra"]
[Source "ChessBase"]
[SourceDate "2005.11.04"]
[SourceVersion "1"]
[SourceVersionDate "2005.11.04"]
[SourceQuality "1"]

1. Nf3 c5 2. c4 Nf6 3. Nc3 d5 4. cxd5 Nxd5 5. g3 Nc7 6. Bg2 Nc6 7. 0-0 g6 8. d3 Bg7 9. Be3 Ne6 10. Qd2 Rb8 11. Rac1 0-0 12. Ne4 b6 13. Bh6 Ned4 14. Nxd4 Nxd4 15. Bxg7 Kxg7 16. e3 1/2-1/2